| 000 | 01187cam a2200301 a 4500 | ||
|---|---|---|---|
| 999 |
_c126356 _d126356 |
||
| 001 | 4905751 | ||
| 003 | ARRUPE | ||
| 005 | 20170324100939.0 | ||
| 008 | 940401s1994 inu b 001 0 eng | ||
| 010 | _a 94015462 | ||
| 020 | _a0268008043 (alk. paper) | ||
| 040 |
_aDLC _cDLC _dDLC |
||
| 050 | 0 | 0 |
_aBJ1533.F8 _bC44 1994 |
| 082 | 0 | 0 |
_a177/.6 _220 |
| 245 | 0 | 4 |
_aThe changing face of friendship / _cedited by Leroy S. Rouner. |
| 260 |
_aNotre Dame, Ind. : _bUniversity of Notre Dame Press, _cc1994. |
||
| 300 |
_axviii, 219 p. ; _c24 cm. |
||
| 440 | 0 |
_aBoston University studies in philosophy and religion ; _vv. 15 _929590 |
|
| 504 | _aIncludes bibliographical references and indexes. | ||
| 650 | 0 |
_aFriendship. _929591 |
|
| 650 | 0 |
_aFriendship _xReligious aspects. _929592 |
|
| 700 | 1 |
_aRouner, Leroy S. _917290 |
|
| 906 |
_a7 _bcbc _corignew _d1 _eocip _f19 _gy-gencatlg |
||
| 942 |
_2lcc _cMONOGRAPH |
||